[Event "BCF-chTb 1920 (4NCL)"]
[Site "Daventry"]
[Date "2020.02.09"]
[Round "6.78"]
[White "Jackson, Carl"]
[Black "Varney, Zoe"]
[Result "0-1"]
[WhiteElo "2074"]
[BlackElo "2004"]
[PlyCount "78"]
[EventDate "2019.11.09"]
[EventType "team-tourn"]
[EventRounds "11"]
[EventCountry "ENG"]
[SourceTitle "CBM 194 Extra"]
[Source "ChessBase"]
[SourceDate "2020.03.31"]
[SourceVersion "1"]
[SourceVersionDate "2020.03.31"]
[SourceQuality "1"]
[WhiteTeam "Gonzaga"]
[BlackTeam "Blackthorne Russia"]
[WhiteTeamCountry "ENG"]
[BlackTeamCountry "ENG"]

1. e4 e5 2. f4 Bc5 3. Nf3 d6 4. Nc3 Bg4 5. h3 Bxf3 6. Qxf3 Nc6 7. Bb5 exf4 8. Na4 Qh4+ 9. Kd1 Nge7 10. Nxc5 dxc5 11. d3 0-0-0 12. Qxf4 Qxf4 13. Bxf4 Nd4 14. a4 Kb8 15. Be3 Nxb5 16. axb5 b6 17. Rf1 f6 18. g4 h6 19. Ke2 c6 20. e5 cxb5 21. exf6 gxf6 22. Rxf6 Nd5 23. Bf4+ Nxf4+ 24. Rxf4 Rd7 25. Raf1 a5 26. Rf6 Kc7 27. Re6 Rd6 28. Rff6 Rxe6+ 29. Rxe6 a4 30. c3 Kb7 31. Ke3 b4 32. cxb4 cxb4 33. Kd4 Rc8 34. Rxh6 a3 35. bxa3 b3 36. Rh7+ Ka6 37. g5 b2 38. g6 b1Q 39. h4 Qg1+ 0-1

[Event "Dublin Gonzaga Masters"]
[Site "Dublin"]
[Date "2020.01.25"]
[Round "3"]
[White "Collins, Sam E"]
[Black "Jackson, Carl"]
[Result "1-0"]
[WhiteElo "2446"]
[BlackElo "2074"]
[PlyCount "35"]
[EventDate "2020.01.24"]
[EventType "swiss"]
[EventRounds "5"]
[EventCountry "IRL"]
[SourceTitle "CBM 194"]
[Source "ChessBase"]
[SourceDate "2020.01.27"]
[SourceVersion "1"]
[SourceVersionDate "2020.01.27"]
[SourceQuality "1"]

1. e4 c5 2. Nc3 Nc6 3. Bb5 d6 4. Bxc6+ bxc6 5. f4 g6 6. Nf3 Bg7 7. d3 Rb8 8. 0-0 Bg4 9. h3 Bxf3 10. Qxf3 Bd4+ 11. Kh1 e6 12. f5 Kd7 13. Ne2 Bxb2 14. Bxb2 Rxb2 15. d4 Rxc2 16. fxe6+ fxe6 17. Qb3 Qb6 18. Qxc2 1-0

[Event "EU-Cup 35th"]
[Site "Ulcinj"]
[Date "2019.11.11"]
[Round "2.19"]
[White "Jackson, Carl"]
[Black "Magat, Jozef"]
[Result "1-0"]
[WhiteElo "2087"]
[BlackElo "2105"]
[PlyCount "99"]
[EventDate "2019.11.10"]
[EventType "team-swiss"]
[EventRounds "7"]
[EventCountry "MNE"]
[SourceTitle "CBM 193 Extra"]
[Source "ChessBase"]
[SourceDate "2020.01.31"]
[SourceVersion "1"]
[SourceVersionDate "2020.01.31"]
[SourceQuality "1"]
[WhiteTeam "Gonzaga"]
[BlackTeam "Dunajov Inbest"]
[WhiteTeamCountry "IRL"]
[BlackTeamCountry "SVK"]

1. e4 g6 2. d4 Bg7 3. Nc3 c5 4. dxc5 Qa5 5. Bd2 Qxc5 6. Nge2 Nf6 7. Be3 Qa5 8. f3 Nc6 9. Qd2 0-0 10. 0-0-0 d6 11. Kb1 Bd7 12. g4 Ne5 13. Nd4 Rfc8 14. h4 h5 15. gxh5 Nxh5 16. Bg5 Nc4 17. Bxc4 Rxc4 18. Nce2 Qxd2 19. Rxd2 Kf8 20. Nb3 a5 21. Nf4 a4 22. Nxh5 gxh5 23. Nc1 a3 24. b3 Rc3 25. Nd3 Bb5 26. Rhd1 Rac8 27. Rg2 Bxd3 28. cxd3 Bd4 29. Bc1 Bf6 30. Bxa3 R3c6 31. Bb2 Bxh4 32. Rh1 Bf6 33. Bxf6 exf6 34. Rxh5 Rc1+ 35. Kb2 Ke7 36. Rhh2 Rf1 37. Rf2 Rcc1 38. f4 Ke6 39. d4 d5 40. e5 Rce1 41. Kc3 Rxf2 42. Rxf2 Kf5 43. exf6 Ke4 44. Rh2 Rc1+ 45. Kd2 Rc6 46. Re2+ Kxd4 47. Re7 b5 48. Rxf7 Ra6 49. Ke2 Rxa2+ 50. Kf3 1-0

[Event "ISL-chT1 1920"]
[Site "Reykjavik"]
[Date "2019.10.04"]
[Round "2.3"]
[White "Jakubiec, Artur"]
[Black "Jackson, Carl"]
[Result "1-0"]
[WhiteElo "2452"]
[BlackElo "2103"]
[PlyCount "57"]
[EventDate "2019.10.03"]
[EventType "team-tourn"]
[EventRounds "9"]
[EventCountry "ISL"]
[SourceTitle "CBM 195 Extra"]
[Source "ChessBase"]
[SourceDate "2020.05.31"]
[SourceVersion "1"]
[SourceVersionDate "2020.05.31"]
[SourceQuality "1"]
[WhiteTeam "Vikingaklubburinn"]
[BlackTeam "Vikingaklubburinn II"]
[WhiteTeamCountry "ISL"]
[BlackTeamCountry "ISL"]

1. f4 d5 2. Nf3 Bg4 3. e3 Nc6 4. Bb5 a6 5. Bxc6+ bxc6 6. 0-0 Nf6 7. d3 e6 8. Nbd2 Bd6 9. Qe1 Bxf3 10. Nxf3 Nd7 11. e4 0-0 12. Bd2 c5 13. Qg3 f5 14. Rae1 Be7 15. Bc3 Bf6 16. exd5 exd5 17. Ng5 Bxg5 18. fxg5 d4 19. Bd2 g6 20. Bf4 Ra7 21. Qf3 Nb6 22. Re5 Qd6 23. Rfe1 c6 24. Re6 Qd5 25. Bd6 Rc8 26. Qh3 Rg7 27. Qh6 Nd7 28. Re8+ Rxe8 29. Rxe8+ 1-0

[Event "BCF-chT2 1819 (4NCL) Promotion"]
[Site "England"]
[Date "2019.05.06"]
[Round "11.46"]
[White "Willmoth, Robert"]
[Black "Jackson, Carl"]
[Result "1-0"]
[WhiteElo "2192"]
[BlackElo "2136"]
[PlyCount "119"]
[EventDate "2018.11.10"]
[EventType "team-tourn"]
[EventRounds "11"]
[EventCountry "ENG"]
[SourceTitle "EXT 2021"]
[Source "ChessBase"]
[SourceDate "2020.10.23"]
[SourceVersion "1"]
[SourceVersionDate "2020.10.23"]
[SourceQuality "1"]
[WhiteTeam "Barnet Knights"]
[BlackTeam "Gonzaga"]
[WhiteTeamCountry "ENG"]
[BlackTeamCountry "ENG"]

1. d4 c5 2. c3 d5 3. Nf3 e6 4. Bf4 Nc6 5. e3 Nf6 6. Nbd2 Be7 7. Bd3 Bd7 8. h3 0-0 9. Ne5 Be8 10. Bg3 Nxe5 11. dxe5 Nd7 12. e4 f6 13. exd5 exd5 14. e6 Nb6 15. Qc2 g6 16. 0-0 Bd6 17. Bxd6 Qxd6 18. Rfe1 f5 19. c4 d4 20. b4 Na4 21. b5 Nc3 22. Nb1 Nxb1 23. Raxb1 Rf6 24. Qe2 g5 25. Qf3 Qe7 26. Re5 Bg6 27. Rbe1 Raf8 28. Qd5 b6 29. a4 h6 30. a5 Rd8 31. Qf3 Rd6 32. axb6 axb6 33. Qe2 Kg7 34. g3 f4 35. Bxg6 Kxg6 36. Qe4+ Kg7 37. Kg2 d3 38. Rd1 d2 39. Qc2 fxg3 40. fxg3 Rfxe6 41. Rxe6 Rxe6 42. Rxd2 Qb7+ 43. Rd5 Qe7 44. Qd3 Qf6 45. Rf5 Qb2+ 46. Rf2 Qd4 47. Qxd4+ cxd4 48. Rd2 Re4 49. Kf3 Re3+ 50. Kf2 Re7 51. Re2 Rxe2+ 52. Kxe2 Kf6 53. Kd3 Ke5 54. g4 Kf4 55. c5 bxc5 56. b6 Kg3 57. b7 Kxh3 58. b8Q Kxg4 59. Qc8+ Kg3 60. Qxc5 1-0

[Event "Dublin Irish New Year IM"]
[Site "Dublin"]
[Date "2018.01.07"]
[Round "9"]
[White "Jackson, Carl"]
[Black "Valdes Escobar, Alvaro Daniel"]
[Result "1/2-1/2"]
[WhiteElo "2136"]
[BlackElo "2372"]
[PlyCount "48"]
[EventDate "2018.01.03"]
[EventType "tourn"]
[EventRounds "9"]
[EventCountry "IRL"]
[SourceTitle "CBM 182 Extra"]
[Source "ChessBase"]
[SourceDate "2018.02.23"]
[SourceVersion "1"]
[SourceVersionDate "2018.02.23"]
[SourceQuality "1"]

1. e4 c5 2. Nc3 Nc6 3. g3 g6 4. Bg2 Bg7 5. f4 d6 6. Nf3 e6 7. d3 Nge7 8. 0-0 0-0 9. Be3 b6 10. Qd2 d5 11. Bf2 dxe4 12. dxe4 Qxd2 13. Nxd2 Ba6 14. Rfc1 Rad8 15. Nf3 e5 16. Rd1 Nd4 17. Nxe5 Nxc2 18. Rac1 Bxe5 19. fxe5 Rxd1+ 20. Rxd1 Nc6 21. Rd7 Rd8 22. Rc7 Rc8 23. Rd7 Rd8 24. Rc7 Rc8 1/2-1/2

[Event "Dublin Irish New Year IM"]
[Site "Dublin"]
[Date "2018.01.05"]
[Round "4"]
[White "Neuman, Petr"]
[Black "Jackson, Carl"]
[Result "1-0"]
[WhiteElo "2452"]
[BlackElo "2136"]
[PlyCount "61"]
[EventDate "2018.01.03"]
[EventType "tourn"]
[EventRounds "9"]
[EventCountry "IRL"]
[SourceTitle "CBM 182 Extra"]
[Source "ChessBase"]
[SourceDate "2018.02.23"]
[SourceVersion "1"]
[SourceVersionDate "2018.02.23"]
[SourceQuality "1"]

1. d4 g6 2. c4 Bg7 3. e4 c5 4. d5 d6 5. Nc3 e6 6. f4 exd5 7. cxd5 a6 8. Nf3 Bg4 9. Be2 Bxf3 10. Bxf3 b5 11. 0-0 Ne7 12. Be3 0-0 13. Bf2 f6 14. Re1 Nd7 15. Qc2 Rc8 16. Rad1 Qa5 17. Bh4 Rfe8 18. Bg4 Rc7 19. Be6+ Kh8 20. f5 Ne5 21. Bg3 Rf8 22. Rf1 Qb6 23. Kh1 c4 24. Bf2 Qb8 25. Bd4 Nd3 26. g4 Nc5 27. Qg2 Nxe6 28. dxe6 Kg8 29. g5 Nc6 30. gxf6 Nxd4 31. fxg7 1-0

[Event "Dublin Irish New Year IM"]
[Site "Dublin"]
[Date "2018.01.04"]
[Round "3"]
[White "Jackson, Carl"]
[Black "Brady, Stephen"]
[Result "1/2-1/2"]
[WhiteElo "2136"]
[BlackElo "2359"]
[PlyCount "72"]
[EventDate "2018.01.03"]
[EventType "tourn"]
[EventRounds "9"]
[EventCountry "IRL"]
[SourceTitle "CBM 182 Extra"]
[Source "ChessBase"]
[SourceDate "2018.02.23"]
[SourceVersion "1"]
[SourceVersionDate "2018.02.23"]
[SourceQuality "1"]

1. e4 e6 2. d4 d5 3. Nc3 Bb4 4. e5 Ne7 5. a3 Bxc3+ 6. bxc3 c5 7. Nf3 b6 8. a4 Ba6 9. Bxa6 Nxa6 10. 0-0 Rc8 11. Qd3 Nb8 12. Bg5 h6 13. Bxe7 Qxe7 14. a5 c4 15. Qe3 b5 16. a6 Rc6 17. Rfb1 Rxa6 18. Rxa6 Nxa6 19. Rxb5 Qd7 20. Ra5 Nb8 21. Qc1 0-0 22. Qb2 Nc6 23. Rb5 Qc7 24. g4 Rb8 25. Rxb8+ Qxb8 26. Qa1 Ne7 27. Kg2 Ng6 28. h4 Qd8 29. Kg3 a5 30. h5 Nf8 31. Nh2 g6 32. f4 Nd7 33. hxg6 fxg6 34. Nf3 Kf7 35. Qa4 Qc7 36. Qb5 Kg8 1/2-1/2

[Event "EU-Cup 33rd"]
[Site "Antalya"]
[Date "2017.10.13"]
[Round "6.3"]
[White "Jackson, Carl"]
[Black "Bjornsson, Sigurbjorn"]
[Result "0-1"]
[WhiteElo "2149"]
[BlackElo "2277"]
[PlyCount "74"]
[EventDate "2017.10.08"]
[EventType "team-swiss"]
[EventRounds "7"]
[EventCountry "TUR"]
[SourceTitle "CBM 181"]
[Source "ChessBase"]
[SourceDate "2017.11.10"]
[SourceVersion "1"]
[SourceVersionDate "2017.11.10"]
[SourceQuality "1"]
[WhiteTeam "Gonzaga"]
[BlackTeam "Fjolnir"]
[WhiteTeamCountry "IRL"]
[BlackTeamCountry "ISL"]

1. e4 c5 2. Nc3 a6 3. g3 b5 4. Bg2 Bb7 5. d3 e6 6. Nf3 d6 7. 0-0 Nf6 8. Re1 Be7 9. e5 dxe5 10. Nxe5 Bxg2 11. Kxg2 0-0 12. Qf3 Ra7 13. Nc6 Nxc6 14. Qxc6 Qc8 15. Qxc8 Rxc8 16. a4 b4 17. Ne4 c4 18. Bg5 cxd3 19. cxd3 Nxe4 20. Bxe7 Nxf2 21. Rac1 Rac7 22. Rxc7 Rxc7 23. Kxf2 Rxe7 24. Rc1 Kf8 25. Rc6 a5 26. Ke3 Ke8 27. Kd4 Rd7+ 28. Kc4 Rd5 29. Rc5 Rxc5+ 30. Kxc5 g5 31. Kd6 f5 32. Ke5 b3 33. d4 Ke7 34. d5 exd5 35. Kxf5 Kd6 36. Kxg5 Ke5 37. Kg4 Ke4 0-1

[Event "EU-Cup 33rd"]
[Site "Antalya"]
[Date "2017.10.11"]
[Round "4.3"]
[White "Jackson, Carl"]
[Black "Civi, Anil"]
[Result "1-0"]
[WhiteElo "2149"]
[BlackElo "1385"]
[PlyCount "127"]
[EventDate "2017.10.08"]
[EventType "team-swiss"]
[EventRounds "7"]
[EventCountry "TUR"]
[SourceTitle "CBM 181"]
[Source "ChessBase"]
[SourceDate "2017.11.10"]
[SourceVersion "1"]
[SourceVersionDate "2017.11.10"]
[SourceQuality "1"]
[WhiteTeam "Gonzaga"]
[BlackTeam "Hatay Buyuksehir"]
[WhiteTeamCountry "IRL"]
[BlackTeamCountry "TUR"]

1. e4 e6 2. d4 d5 3. Nc3 dxe4 4. Nxe4 Nf6 5. Bg5 Be7 6. Bxf6 Bxf6 7. Nxf6+ Qxf6 8. Nf3 Nd7 9. Qd2 0-0 10. 0-0-0 a6 11. Be2 b5 12. Qg5 Bb7 13. Qg3 Rac8 14. Rd2 c5 15. Rhd1 c4 16. Ne5 Rfd8 17. c3 Be4 18. Bf3 Bd5 19. Bxd5 exd5 20. Nxd7 Rxd7 21. Qe5 Qb6 22. Re1 h6 23. Rde2 b4 24. Qf5 Rdd8 25. Re7 Qf6 26. Qxf6 gxf6 27. cxb4 c3 28. b3 Kf8 29. Kc2 Rd6 30. R7e3 Rdc6 31. Rh3 f5 32. Ree3 Re8 33. Rxe8+ Kxe8 34. Rxc3 Rg6 35. g3 Ke7 36. Rc5 Kd6 37. b5 axb5 38. Rxb5 Kc6 39. Rc5+ Kd6 40. f4 h5 41. b4 Re6 42. Kd3 Re1 43. Rc2 Rd1+ 44. Kc3 Kc6 45. Rb2 Kb5 46. a3 Rf1 47. a4+ Kxa4 48. b5 Rf3+ 49. Kc2 Rf2+ 50. Kb1 Rxb2+ 51. Kxb2 Kxb5 52. Kb3 Kc6 53. Ka4 Kb6 54. Kb4 Kc6 55. Ka5 Kc7 56. Kb5 Kd6 57. Kb6 Kd7 58. Kc5 Ke6 59. Kc6 f6 60. h3 Ke7 61. Kxd5 Kd7 62. h4 Ke7 63. Kc6 Kd8 64. Kd6 1-0

[Event "EU-Cup 32nd"]
[Site "Novi Sad"]
[Date "2016.11.10"]
[Round "5.5"]
[White "Nelis, Jean Francois"]
[Black "Jackson, Carl"]
[Result "0-1"]
[WhiteElo "2158"]
[BlackElo "2108"]
[PlyCount "54"]
[EventDate "2016.11.06"]
[EventType "team-swiss"]
[EventRounds "7"]
[EventCountry "SRB"]
[SourceTitle "CBM 176"]
[Source "ChessBase"]
[SourceDate "2017.01.17"]
[SourceVersion "1"]
[SourceVersionDate "2017.01.17"]
[SourceQuality "1"]
[WhiteTeam "Monte Carlo"]
[BlackTeam "Gonzaga"]
[WhiteTeamCountry "MNC"]
[BlackTeamCountry "IRL"]

1. e4 d5 2. exd5 Nf6 3. Bb5+ Bd7 4. Be2 c6 5. dxc6 Nxc6 6. d4 e5 7. Nf3 e4 8. Nfd2 Qc7 9. Nc4 b5 10. Ne3 Bd6 11. h3 a6 12. a4 Rb8 13. axb5 axb5 14. Na3 Ne7 15. c4 bxc4 16. Naxc4 0-0 17. Bd2 Bb5 18. b3 Ned5 19. Ra5 Nxe3 20. fxe3 Bg3+ 21. Kf1 Nd5 22. Ra1 f5 23. Kg1 f4 24. exf4 e3 25. Nxe3 Qxf4 26. Ng4 Qxd4+ 27. Be3 Qxd1+ 0-1

[Event "EU-Cup 29th"]
[Site "Rhodes"]
[Date "2013.10.24"]
[Round "5.6"]
[White "Jackson, Carl"]
[Black "Michelakis, Evaggelos"]
[Result "1-0"]
[WhiteElo "1915"]
[BlackElo "1619"]
[PlyCount "69"]
[EventDate "2013.10.20"]
[EventType "team-swiss"]
[EventRounds "7"]
[EventCountry "GRE"]
[SourceTitle "CBM 157"]
[Source "ChessBase"]
[SourceDate "2013.11.12"]
[SourceVersion "1"]
[SourceVersionDate "2013.11.12"]
[SourceQuality "1"]
[WhiteTeam "Gonzaga"]
[BlackTeam "Rodou Ippotis"]
[WhiteTeamCountry "IRL"]
[BlackTeamCountry "GRE"]

1. e4 e6 2. Nf3 d5 3. e5 Ne7 4. h4 c5 5. b4 cxb4 6. a3 Nbc6 7. axb4 Nxb4 8. c3 Nbc6 9. d4 Bd7 10. Bd3 Qc7 11. 0-0 a6 12. Na3 Na7 13. Ng5 Qxc3 14. Rb1 Qc7 15. Qf3 Nf5 16. g4 Nh6 17. Nxh7 Bxa3 18. Bxa3 Bb5 19. Bd6 Qd7 20. Nf6+ gxf6 21. Qxf6 Rg8 22. Rfc1 Nxg4 23. Qf4 Rc8 24. Bh7 Rg7 25. Kh1 Nxf2+ 26. Qxf2 Rxh7 27. Rg1 f5 28. Qg3 Qf7 29. Rg2 f4 30. Qg5 f3 31. Rg4 f2 32. Rf4 f1Q+ 33. Rbxf1 Rg7 34. Rxf7 Rxg5 35. Re7+ 1-0